000 00805nam a2200217 a 4500
001 000046740
005 20201002053104.0
008 180321s2015 dr a 000 0 spa d
020 _a9789945901009
040 _aDO-SdBNP
_bspa
_cBNPHU
082 _axxx
_bxxxx
100 1 _aHeisen, Margarita
_974668
245 1 0 _aGuía para el desarrollo personal del docente /
_cMargarita Heinsen, Dania Benitez.
246 1 0 _aSer docente :
_bguía de desarrollo personal
260 _aSanto Domingo, :
_bOrganización de Estados Iberoamericanos para la Educación, la Ciencia y la Cultura (OEI),
_c2015.
300 _a58 p. ;
_c28 cm.
490 1 _aDesarrollo profesional docente ;
590 _aInventariado, 2018/ YL
700 1 _aBenitez, Dania
_eautor.
_974672
830 0 _aDesarrollo profesional docente
_974673
999 _c46229
_d46229